东京都下辖特别区地图 Special Administrative wards of Tokyo, Japan (With a Map) - Statistics

General Stats
  • This quiz has been taken 147 times
  • The average score is 12 of 23
Answers on the Map
Answers color-coded by a green-red scale on the quiz's map according to % correct below.
 
Answer Stats
特别区 % Correct
新宿区
83%
港区
82%
千代田区
75%
涩谷区
73%
品川区
64%
中央区
63%
文京区
62%
世田谷区
58%
江户川区
55%
大田区
52%
足立区
50%
目黑区
50%
墨田区
50%
北区
49%
江东区
49%
练马区
46%
丰岛区
45%
板桥区
42%
台东区
42%
葛饰区
41%
中野区
39%
荒川区
37%
杉并区
37%
No matching quizzes found
Score Distribution
Percent of People with Each Score
Percentile by Number Answered
Your Score History
You have not taken this quiz